000 00787cam a22001935a 4500
001 L141468
008 071127s1982 xxka f 000 0deng d
035 _a(Sirsi) u141468
041 0 _aeng
050 0 4 _a920 $2 18
110 2 _aBrown and Merry
_95465
245 0 0 _aBrown & Merry
_bestate agents, surveyors, auctioneers, mortgage consultants
260 _a[Great Britain]
_b[Brown & Merry]
_c[1982]
300 _a16 p.
_bill.
_c30 cm. +
_e1 sheet (29 x 81 cm., folded to 29 x 21 cm.)
520 _aA history of the firm of Brown & Merry, published on the occasion of their 150 year anniversary. Includes a loose folded sheet showing a timeline of events in the company's history.
651 4 _aUnited Kingdom
_y
690 _aABOUT RICS-RICS MEMBERS-CHARTERED SURVEYORS
942 _n0
999 _c107681
_d107681